| 000 | 00436nam a2200169 a 4500 | ||
|---|---|---|---|
| 001 | 21883 | ||
| 005 | 20180713215715.0 | ||
| 008 | 140415s1995 000 0 spa d | ||
| 020 | _a848086141X | ||
| 041 | _aspa | ||
| 082 |
_a610.7362 _bWON |
||
| 100 | 1 | _aWONG, DONNA L. | |
| 245 | 1 | 0 | _aWHALEY AND WONG ENFERMERIA PEDIATRICA |
| 260 |
_a[s.l.] : _bMOSBY, _c1995 |
||
| 300 | _a1113 | ||
| 650 | 1 | 4 | _aENFERMERIA PEDIATRICA |
| 999 |
_c21883 _d21883 |
||